[Event "zonal 1.1c"]
[Site "Lisbon POR"]
[Date "1993.??.??"]
[Round "1"]
[White "Gomez Esteban, Juan Mario"]
[Black "Ochoa de Echaguen, Javier"]
[Result "1-0"]
[WhiteElo "2410"]
[BlackElo "2415"]
[EventDate "1993.03.??"]
[PlyCount "85"]

1.d4 f5 2.c4 Nf6 3.g3 d6 4.Nf3 g6 5.Bg2 Bg7 6.O-O O-O 7.Nc3 c6 8.b3 Na6 9.
Bb2 Bd7 10.a3 Qe8 11.d5 Rd8 12.Nd4 e5 13.dxe6 Bxe6 14.Nxe6 Qxe6 15.Qc2 Nc5
16.Rad1 Rfe8 17.e3 Nfe4 18.Nxe4 Nxe4 19.Bxg7 Kxg7 20.Rd4 Nf6 21.Rfd1 Rd7 
22.b4 a6 23.h3 Red8 24.a4 c5 25.bxc5 dxc5 26.Rxd7+ Rxd7 27.Rxd7+ Qxd7 28.
Qb2 a5 29.Qxb7 Qxb7 30.Bxb7 Nd7 31.Bc6 Ne5 32.Bb5 Nf3+ 33.Kg2 Ne1+ 34.Kf1 
Nf3 35.h4 Kf6 36.Ke2 Ng1+ 37.Kd3 Nh3 38.f3 Ng1 39.Bc6 h6 40.f4 g5 41.h5 
Nh3 42.Ke2 g4 43.Kf1 1-0

[Event "zonal 1.1c"]
[Site "Lisbon POR"]
[Date "1993.??.??"]
[Round "2"]
[White "Silva, Fernando"]
[Black "Damaso, Rui"]
[Result "1/2-1/2"]
[WhiteElo "2335"]
[BlackElo "2435"]
[EventDate "1993.03.??"]
[PlyCount "56"]

1.d4 Nf6 2.Nf3 e6 3.g3 b5 4.Bg2 Bb7 5.O-O c5 6.c3 Be7 7.a4 b4 8.cxb4 cxb4 
9.Nbd2 O-O 10.Re1 Nc6 11.Ne5 Rc8 12.Nb3 d6 13.Nxc6 Bxc6 14.e4 d5 15.e5 Nd7
16.Bf1 Nb6 17.Ba6 Rc7 18.a5 Nc4 19.Nd2 Ba8 20.b3 Nxa5 21.Bb2 Rc6 22.Bb5 
Rc8 23.Ba6 Rb8 24.Bd3 Qb6 25.Qh5 g6 26.Qh6 Rfc8 27.h4 Bf8 28.Qf4 Rc3 
1/2-1/2

[Event "zonal 1.1c"]
[Site "Lisbon POR"]
[Date "1993.??.??"]
[Round "3"]
[White "Damaso, Rui"]
[Black "Gomez Esteban, Juan Mario"]
[Result "1/2-1/2"]
[WhiteElo "2435"]
[BlackElo "2410"]
[EventDate "1993.03.??"]
[PlyCount "49"]

1.e4 e5 2.Nf3 Nc6 3.Bb5 a6 4.Ba4 Nf6 5.O-O Be7 6.Nc3 b5 7.Bb3 d6 8.a4 Bb7 
9.axb5 axb5 10.Rxa8 Bxa8 11.Nxb5 Nxe4 12.d4 exd4 13.Nfxd4 O-O 14.Bd5 Nxd4 
15.Qxd4 Bxd5 16.Qxd5 Nc5 17.b4 Ne6 18.Na7 Bf6 19.Nc6 Qd7 20.c4 Nd8 21.b5 
Nxc6 22.bxc6 Qe6 23.Bd2 Ra8 24.Rb1 g6 25.Be3 1/2-1/2

[Event "zonal 1.1c"]
[Site "Lisbon POR"]
[Date "1993.??.??"]
[Round "3"]
[White "Galego, Luis"]
[Black "Santos, Antonio Pereira"]
[Result "1-0"]
[WhiteElo "2390"]
[BlackElo "2285"]
[EventDate "1993.03.??"]
[PlyCount "133"]

1.e4 e6 2.d4 d5 3.exd5 exd5 4.Nf3 Bd6 5.Bd3 Ne7 6.O-O Nbc6 7.c3 Be6 8.b4 
Qd7 9.Re1 O-O-O 10.Qa4 Rde8 11.b5 Nb8 12.Ne5 Bxe5 13.dxe5 Bf5 14.Bf1 Ng6 
15.Be3 Rxe5 16.Qxa7 Rhe8 17.Nd2 Bg4 18.a4 f5 19.Nb3 b6 20.a5 f4 21.Bd2 
Rxe1 22.Bxe1 Ne5 23.axb6 cxb6 24.Qxb6 Re6 25.Qc5+ Kd8 26.Nd4 Rf6 27.Ra8 
Qb7 28.Ra7 Nbd7 29.Qa3 Qb6 30.Ra6 Qc5 31.Qa5+ Ke7 32.Rxf6 Kxf6 33.Qd8+ Qe7
34.Qxe7+ Kxe7 35.f3 Bh5 36.Bh4+ Kf8 37.Bg5 Be8 38.Bxf4 Nc4 39.Ne6+ Kg8 40.
Bxc4 dxc4 41.Bc7 Bf7 42.Nd8 Bd5 43.Kf2 Nc5 44.Ke3 Ne6 45.Nxe6 Bxe6 46.Kd4 
Kf7 47.b6 Bc8 48.Kxc4 Ke6 49.Kb5 Bb7 50.c4 g6 51.Bf4 Kd7 52.c5 Bd5 53.Ka6 
Kc8 54.b7+ Bxb7+ 55.Kb6 Bd5 56.c6 Bc4 57.Be5 Bf1 58.g3 Bg2 59.f4 Bh3 60.
Kc5 Bg4 61.Kd6 Kd8 62.Bc3 h5 63.Bf6+ Ke8 64.Bg5 Bh3 65.Kc7 Bg2 66.h3 Kf7 
67.Kd7 1-0

[Event "zonal 1.1c"]
[Site "Lisbon POR"]
[Date "1993.??.??"]
[Round "4"]
[White "Silva, Fernando"]
[Black "Galego, Luis"]
[Result "1/2-1/2"]
[WhiteElo "2335"]
[BlackElo "2390"]
[EventDate "1993.03.??"]
[PlyCount "157"]

1.d4 Nf6 2.Nf3 e6 3.c4 c5 4.Nc3 cxd4 5.Nxd4 a6 6.g3 Qc7 7.Bg2 Qxc4 8.O-O 
Nc6 9.Nb3 d5 10.Bg5 Be7 11.Rc1 Qg4 12.Bf4 O-O 13.Na4 e5 14.Nb6 Rb8 15.Bd2 
Be6 16.Nc5 Bxc5 17.Rxc5 Qd4 18.Qc1 Rbd8 19.Bg5 Nd7 20.Bxd8 Qxc5 21.Qxc5 
Nxc5 22.Bc7 Ne4 23.Rd1 Nf6 24.Nxd5 Rc8 25.Bb6 Nd7 26.Be3 Kf8 27.Rc1 Ke8 
28.a3 Ndb8 29.Bb6 Nd7 30.Nc7+ Ke7 31.Nxe6 Nxb6 32.Nxg7 Kf6 33.Nh5+ Kg5 34.
Ng7 Kg6 35.Bh3 Kxg7 36.Bxc8 Nxc8 37.b4 Nd6 38.e3 Kf6 39.f4 Ke6 40.Kg2 Nb5 
41.a4 Nd6 42.fxe5 Nxe5 43.Rc7 Ng4 44.Rc3 Nf6 45.Kf3 Nd5 46.Rb3 Nc4 47.Kf2 
Ke5 48.a5 Nd6 49.Kf3 f5 50.h3 Ne4 51.Rd3 h5 52.Rd4 Ng5+ 53.Ke2 Nxh3 54.Rh4
Ng5 55.Rxh5 Ne4 56.Kf3 Nd2+ 57.Ke2 Nc4 58.e4 Kxe4 59.Rh4+ f4 60.gxf4 Nxf4+
61.Kd1 Ne3+ 62.Kd2 Nf5 63.Rg4 Ke5 64.Kc3 Nd5+ 65.Kb2 Nde3 66.Rg6 Kd5 67.
Kb3 Nd4+ 68.Ka4 Nef5 69.Rg8 Kc4 70.Rc8+ Nc6 71.Rc7 Nd6 72.Rh7 Nb5 73.Rxb7 
Nxb4 74.Rh7 Nd3 75.Rh4+ Kc3 76.Rc4+ Kb2 77.Rc2+ Kb1 78.Rc6 Ka2 79.Rc2+ 
1/2-1/2

[Event "zonal 1.1c"]
[Site "Lisbon POR"]
[Date "1993.??.??"]
[Round "6"]
[White "Damaso, Rui"]
[Black "Fernandes, Antonio"]
[Result "1/2-1/2"]
[WhiteElo "2435"]
[BlackElo "2455"]
[EventDate "1993.03.??"]
[PlyCount "85"]

1.d4 d5 2.c4 e6 3.Nc3 Nf6 4.cxd5 exd5 5.Bg5 c6 6.Qc2 Na6 7.e3 Nc7 8.Bd3 
Ne6 9.Bh4 g6 10.Nge2 Be7 11.f3 O-O 12.Bf2 b6 13.Rd1 Bd7 14.Qd2 c5 15.dxc5 
bxc5 16.O-O Qb6 17.e4 d4 18.Nd5 Nxd5 19.exd5 Nc7 20.Bc4 Bb5 21.b3 Rad8 22.
a4 Ba6 23.a5 Qf6 24.Nxd4 Bxc4 25.bxc4 cxd4 26.Bxd4 Qa6 27.Qf4 Ne8 28.Rfe1 
Bd6 29.Qh6 f6 30.c5 Be5 31.Bf2 Qc4 32.Re4 Qb3 33.Qd2 Nc7 34.d6 Ne6 35.Rb4 
Qc3 36.Rb7 Qxd2 37.Rxd2 Rf7 38.d7 Nd4 39.Bxd4 Rfxd7 40.Rxd7 Rxd7 41.Be3 
Rxd2 42.Bxd2 Bd4+ 43.Kf1 1/2-1/2

[Event "zonal 1.1c"]
[Site "Lisbon POR"]
[Date "1993.??.??"]
[Round "6"]
[White "Silva, Fernando"]
[Black "Garcia Paolicchi, Raul"]
[Result "1-0"]
[WhiteElo "2335"]
[BlackElo "2300"]
[EventDate "1993.03.??"]
[PlyCount "133"]

1.e4 c5 2.Nf3 Nc6 3.d4 cxd4 4.Nxd4 Nf6 5.Nc3 d6 6.Be2 e5 7.Nf3 h6 8.O-O 
Be7 9.h3 O-O 10.Re1 Be6 11.Bf1 Nb8 12.Nd5 Nxd5 13.exd5 Bf5 14.Bd3 Bxd3 15.
Qxd3 f5 16.Qb3 Nd7 17.Qxb7 Qc8 18.Qc6 Qxc6 19.dxc6 Nb8 20.c7 Nc6 21.c3 
Rfc8 22.Be3 Rxc7 23.Rad1 Rb8 24.Bc1 Rb5 25.Re2 Kf7 26.Kf1 Na5 27.Red2 Ke6 
28.g4 fxg4 29.hxg4 Rc4 30.Re2 Kf7 31.Nh2 Nb7 32.Rd3 e4 33.Rh3 d5 34.f3 Nc5
35.fxe4 Nxe4 36.Nf3 Bf6 37.Be3 Ra5 38.a3 Ra6 39.Bd4 Bxd4 40.Nxd4 Rf6+ 41.
Kg2 Rf4 42.Rf3 Rxf3 43.Kxf3 Kf6 44.Rh2 Rc7 45.Ke3 Kg6 46.Ne6 Rf7 47.Nf4+ 
Kg5 48.Nxd5 Ng3 49.Kd4 Kxg4 50.c4 Rf8 51.c5 Nf5+ 52.Kc4 Kg3 53.Rh1 Kg2 54.
Rh5 g5 55.c6 Kf3 56.c7 Nd6+ 57.Kc5 Nc8 58.Rh3+ Kf2 59.Rxh6 g4 60.Rf6+ Rxf6
61.Nxf6 Kf3 62.Nxg4 Kxg4 63.Kc6 Kf5 64.Kb7 Nd6+ 65.Kxa7 Ke6 66.Kb8 Kd7 67.
b4 1-0

[Event "zonal 1.1c"]
[Site "Lisbon POR"]
[Date "1993.??.??"]
[Round "7"]
[White "Fernandes, Antonio"]
[Black "Ochoa de Echaguen, Javier"]
[Result "0-1"]
[WhiteElo "2455"]
[BlackElo "2415"]
[EventDate "1993.03.??"]
[PlyCount "80"]

1.e4 c5 2.Nf3 e6 3.d4 cxd4 4.Nxd4 Nf6 5.Nc3 Nc6 6.Nxc6 bxc6 7.e5 Nd5 8.Ne4
Qc7 9.f4 Qb6 10.c4 Bb4+ 11.Ke2 Ba6 12.Kf3 f5 13.Ng3 Nc7 14.Be3 Bc5 15.Bxc5
Qxc5 16.Qd6 Qb6 17.Rd1 O-O-O 18.b4 c5 19.b5 Bb7+ 20.Kf2 Ne8 21.Qe7 d5 22.
exd6 Rd7 23.Qh4 Nxd6 24.Be2 h6 25.Rhe1 Rhd8 26.Qh5 g5 27.Qxh6 Nf7 28.Qf6 
gxf4 29.Nh5 Nd6 30.Qe5 Nf7 31.Qf6 Nd6 32.Kg1 Bxg2 33.Nxf4 Be4 34.Qxe6 Re8 
35.Qf6 Rg8+ 36.Kf1 Qc7 37.Qe6 Re8 38.Qh6 Nf7 39.Rxd7 Qxd7 40.Bh5 Nxh6 0-1

[Event "zonal 1.1c"]
[Site "Lisbon POR"]
[Date "1993.??.??"]
[Round "7"]
[White "Galego, Luis"]
[Black "Damaso, Rui"]
[Result "1/2-1/2"]
[WhiteElo "2390"]
[BlackElo "2435"]
[EventDate "1993.03.??"]
[PlyCount "22"]

1.e4 d6 2.d4 Nf6 3.Nc3 g6 4.Be2 Bg7 5.Bg5 c5 6.e5 dxe5 7.dxe5 Nfd7 8.Nf3 
Nc6 9.e6 fxe6 10.O-O O-O 11.Be3 Qa5 1/2-1/2

[Event "zonal 1.1c"]
[Site "Lisbon POR"]
[Date "1993.??.??"]
[Round "7"]
[White "Garcia Paolicchi, Raul"]
[Black "Gomez Esteban, Juan Mario"]
[Result "0-1"]
[WhiteElo "2300"]
[BlackElo "2410"]
[EventDate "1993.03.??"]
[PlyCount "80"]

1.d4 Nf6 2.Nf3 e6 3.c4 b6 4.g3 Ba6 5.b3 Bb7 6.Bg2 Bb4+ 7.Bd2 Be7 8.O-O O-O
9.Nc3 Na6 10.Bf4 d5 11.cxd5 exd5 12.Qc2 Qc8 13.Rac1 Ba3 14.Rcd1 Be7 15.Rc1
Rd8 16.Be5 h6 17.Nh4 Qe6 18.Nf5 Bf8 19.Bh3 Ne4 20.Nxe4 dxe4 21.Kg2 Qe8 22.
Qb2 c5 23.Kg1 f6 24.Bf4 Qh5 25.Kg2 Rd5 26.g4 Qf7 27.dxc5 Nxc5 28.Ne3 Rd7 
29.Kg1 Ne6 30.Bg3 Rad8 31.Rfd1 Bc5 32.Rxd7 Rxd7 33.Nf5 e3 34.Nxe3 Bxe3 35.
fxe3 Ng5 36.Bg2 Bxg2 37.Kxg2 Qd5+ 38.e4 Qxe4+ 39.Kf1 Nh3 40.Rc8+ Kf7 0-1

[Event "zonal 1.1c"]
[Site "Lisbon POR"]
[Date "1993.??.??"]
[Round "8"]
[White "Fernandes, Antonio"]
[Black "Galego, Luis"]
[Result "1-0"]
[WhiteElo "2455"]
[BlackElo "2390"]
[EventDate "1993.03.??"]
[PlyCount "61"]

1.Nf3 Nf6 2.d4 e6 3.g3 b6 4.Bg2 Bb7 5.O-O c5 6.e3 Be7 7.c4 O-O 8.Nc3 Ne4 
9.Bd2 Nxc3 10.Bxc3 d5 11.Ne5 f6 12.Nd3 Bd6 13.dxc5 bxc5 14.cxd5 Bxd5 15.
Bxd5 exd5 16.Qf3 Be5 17.Nxc5 Qd6 18.Bb4 Nc6 19.Ba3 Bxb2 20.Bxb2 Qxc5 21.
Rac1 Qd6 22.Ba3 Qxa3 23.Qxd5+ Kh8 24.Rxc6 Rad8 25.Qc4 Rfe8 26.Rc7 Re7 27.
Qd5 Rde8 28.Rfc1 h6 29.R1c5 Qa4 30.Ra5 Qb4 31.Raxa7 1-0

[Event "zonal 1.1c"]
[Site "Lisbon POR"]
[Date "1993.??.??"]
[Round "8"]
[White "Ochoa de Echaguen, Javier"]
[Black "Santos, Antonio Pereira"]
[Result "1/2-1/2"]
[WhiteElo "2415"]
[BlackElo "2285"]
[EventDate "1993.03.??"]
[PlyCount "57"]

1.e4 e6 2.d4 d5 3.Nc3 Bb4 4.Ne2 dxe4 5.a3 Bxc3+ 6.Nxc3 Nc6 7.Bf4 Nge7 8.
Qd2 e5 9.dxe5 Qxd2+ 10.Kxd2 Bf5 11.Re1 O-O-O+ 12.Kc1 Ng6 13.Bg3 Rhe8 14.
Bb5 Ngxe5 15.Nxe4 Re7 16.Nc3 a6 17.Ba4 f6 18.f4 Nc4 19.Bxc6 Rxe1+ 20.Rxe1 
bxc6 21.Bf2 Rd2 22.Re2 Rxe2 23.Nxe2 Be4 24.g3 Kd7 25.Nc3 Nd6 26.Na4 Nb7 
27.b4 Ke6 28.Kd2 Kf5 29.Nc5 1/2-1/2

[Event "zonal 1.1c"]
[Site "Lisbon POR"]
[Date "1993.??.??"]
[Round "9"]
[White "Galego, Luis"]
[Black "Ochoa de Echaguen, Javier"]
[Result "1-0"]
[WhiteElo "2390"]
[BlackElo "2415"]
[EventDate "1993.03.??"]
[PlyCount "77"]

1.e4 c5 2.Nf3 Nc6 3.g3 Nf6 4.Nc3 d5 5.exd5 Nxd5 6.Bg2 Nxc3 7.bxc3 g6 8.O-O
Bg7 9.Ng5 Bd7 10.Rb1 h6 11.Nf3 b6 12.d4 cxd4 13.cxd4 Rc8 14.d5 Na5 15.Nd4 
O-O 16.Re1 Re8 17.Qd3 Qc7 18.Bd2 Qc4 19.Rb4 Qxd3 20.cxd3 Kf8 21.h4 Nb7 22.
Nc6 Bxc6 23.dxc6 Nc5 24.Re2 Nxd3 25.Ra4 Rc7 26.Be3 Nc5 27.Rc4 Rd8 28.Bxc5 
bxc5 29.Rxc5 Bd4 30.Rb5 e5 31.Rb7 Rdc8 32.h5 gxh5 33.Bh3 Rxb7 34.cxb7 Rc1+
35.Kh2 Rb1 36.Bg2 e4 37.Bxe4 Rb6 38.Bc6 Kg7 39.Re8 1-0

[Event "zonal 1.1c"]
[Site "Lisbon POR"]
[Date "1993.??.??"]
[Round "9"]
[White "Garcia Paolicchi, Raul"]
[Black "Damaso, Rui"]
[Result "0-1"]
[WhiteElo "2300"]
[BlackElo "2435"]
[EventDate "1993.03.??"]
[PlyCount "114"]

1.d4 e6 2.Nf3 Nf6 3.c4 b6 4.g3 Ba6 5.b3 Bb7 6.Bg2 Bb4+ 7.Bd2 a5 8.O-O O-O 
9.Bc3 d5 10.Bb2 Nbd7 11.Qc1 a4 12.a3 Be7 13.cxd5 Nxd5 14.b4 c5 15.bxc5 
bxc5 16.Nc3 N5b6 17.dxc5 Nc4 18.Qc2 Nxc5 19.Rab1 Qa5 20.Na2 Nxb2 21.Rxb2 
Be4 22.Qd2 Nb3 23.Qxa5 Rxa5 24.Nb4 Bf6 25.Ra2 Rc8 26.Nh4 Bxg2 27.Nxg2 Rac5
28.Ne3 Nc1 29.Rd2 Bc3 30.Rd7 Nxe2+ 31.Kg2 Bf6 32.Ra7 Nc3 33.h4 h5 34.Re1 
R5c7 35.Ra6 Rd7 36.Nf1 Be7 37.Rc1 Rcc7 38.Nc6 Bf6 39.Nb4 Ra7 40.Rb6 Rdb7 
41.Rxb7 Rxb7 42.Nd2 g6 43.Rc2 Kg7 44.Nc4 Nb5 45.Nd3 Rc7 46.Ne3 Ra7 47.Nc4 
Be7 48.Ra2 Rd7 49.Nde5 Rd5 50.f4 f6 51.Nf3 Rd3 52.Nb6 Nc3 53.Rc2 Bxa3 54.
Ne1 Re3 55.Nc4 Rxe1 56.Rxc3 Be7 57.Kf2 Rb1 0-1

[Event "zonal 1.1c"]
[Site "Lisbon POR"]
[Date "1993.??.??"]
[Round "9"]
[White "Santos, Antonio Pereira"]
[Black "Silva, Fernando"]
[Result "1-0"]
[WhiteElo "2285"]
[BlackElo "2335"]
[EventDate "1993.03.??"]
[PlyCount "57"]

1.d4 g6 2.c4 Bg7 3.Nc3 d6 4.Nf3 Bg4 5.e3 Nf6 6.h3 Bxf3 7.Qxf3 c6 8.Bd3 O-O
9.O-O d5 10.Rd1 e6 11.e4 dxe4 12.Nxe4 Nxe4 13.Bxe4 Nd7 14.Qe2 Qh4 15.b3 
Nc5 16.Bf3 Bxd4 17.Rxd4 Qxd4 18.Bb2 Qd6 19.Qe3 Qe7 20.Ba3 b6 21.b4 Nd7 22.
Bxc6 Rad8 23.Re1 Qd6 24.Bf3 Qc7 25.c5 bxc5 26.bxc5 Nf6 27.Bb2 Nd7 28.c6 
Nb6 29.Bf6 1-0

[Event "zonal 1.1c"]
[Site "Lisbon POR"]
[Date "1993.??.??"]
[Round "11"]
[White "Garcia Paolicchi, Raul"]
[Black "Galego, Luis"]
[Result "0-1"]
[WhiteElo "2300"]
[BlackElo "2390"]
[EventDate "1993.03.??"]
[PlyCount "100"]

1.d4 Nf6 2.Nf3 e6 3.c4 c5 4.d5 exd5 5.cxd5 d6 6.Nc3 g6 7.Bf4 a6 8.e4 Bg7 
9.Qa4+ Bd7 10.Qb3 Bc8 11.Qa4+ Nfd7 12.Be2 O-O 13.O-O b5 14.Qc2 Qe7 15.a4 
b4 16.Nd1 a5 17.Bg5 f6 18.Bh4 Nb6 19.Ne3 N8d7 20.Nd2 Re8 21.Rfe1 Bh6 22.
Bb5 Ba6 23.Bxa6 Rxa6 24.Bg3 Bxe3 25.Rxe3 Raa8 26.b3 Rec8 27.Nc4 Nxc4 28.
Qxc4 Nb6 29.Qb5 Qd8 30.Qe2 c4 31.bxc4 Rxc4 32.h4 Qe7 33.f4 Rac8 34.Qf3 Rc3
35.Rae1 Rxe3 36.Rxe3 Rc1+ 37.Kh2 Nc4 38.Re2 Rc3 39.Qf2 Qd7 40.e5 fxe5 41.
fxe5 dxe5 42.Bxe5 Nxe5 43.Rxe5 Rc8 44.Qd4 Qd6 45.g3 Qc5 46.Qxc5 Rxc5 47.
Kg2 Kf7 48.Kf3 b3 49.Re3 b2 50.Rb3 Rc3+ 0-1

[Event "zonal 1.1c"]
[Site "Lisbon POR"]
[Date "1993.??.??"]
[Round "11"]
[White "Silva, Fernando"]
[Black "Gomez Esteban, Juan Mario"]
[Result "1/2-1/2"]
[WhiteElo "2335"]
[BlackElo "2410"]
[EventDate "1993.03.??"]
[PlyCount "80"]

1.e4 c5 2.Nf3 d6 3.d4 cxd4 4.Nxd4 Nf6 5.Nc3 Nc6 6.Be2 e6 7.O-O Be7 8.Be3 
O-O 9.Kh1 a6 10.a4 Qc7 11.f4 Re8 12.Nb3 b6 13.Bf3 Bb7 14.Rf2 Rac8 15.Rd2 
Nb4 16.Qg1 Nd7 17.Rad1 Nc5 18.a5 bxa5 19.Nxc5 dxc5 20.Na4 c4 21.Nb6 Rcd8 
22.Rd7 Qb8 23.Nxc4 Rxd7 24.Rxd7 Nxc2 25.Bb6 Bc6 26.Rc7 Bb5 27.e5 Bxc4 28.
Rxc4 Nb4 29.Rc3 Nd5 30.Bxd5 exd5 31.Qd4 Bb4 32.Rc7 Rc8 33.Rxc8+ Qxc8 34.
Qxd5 Qc1+ 35.Bg1 Qxf4 36.e6 fxe6 37.Qxe6+ Qf7 38.Qc8+ Qf8 39.Qc4+ Qf7 40.
Qc8+ Qf8 1/2-1/2